LIBRARY & INFORMATION CENTRE, KCAET, TAVANUR

ONLINE PUBLIC ACCESS CATALOGUE (OPAC)

Computer programming in C / (Record no. 12899)

MARC details
000 -LEADER
fixed length control field 00524cam a2200205ua 4500
020 ## - INTERNATIONAL STANDARD BOOK NUMBER
ISBN 81-203-0859-X
041 ## - LANGUAGE CODE
Language code of text/sound track or separate title eng
082 ## - DEWEY DECIMAL CLASSIFICATION NUMBER
Classification number 005.133
Item number RAJ/CO
100 ## - MAIN ENTRY--AUTHOR NAME
Personal name Rajaraman, V .
245 ## - TITLE STATEMENT
Title Computer programming in C /
250 ## - EDITION STATEMENT
Edition statement 1 /
260 ## - PUBLICATION, DISTRIBUTION, ETC. (IMPRINT)
Place of publication New Delhi :
Name of publisher Prentice Hall of India Pvt Ltd. ,
Year of publication 2006.
300 ## - PHYSICAL DESCRIPTION
Number of Pages 363 ; .
942 ## - ADDED ENTRY ELEMENTS (KOHA)
Koha item type Books
Holdings
Withdrawn status Lost status Damaged status Home library Current library Date acquired Full call number Accession Number Koha item type
      KAUAET KAUAET 07/04/2012 005.133 RAJ/CO 21210 Books
      KAUAET KAUAET 07/04/2012 005.133 RAJ/CO 21211 Books
      KAUAET KAUAET 07/04/2012 005.133 RAJ/CO 21653 Books
free website counter